| 000 | 00492nam a22001937a 4500 | ||
|---|---|---|---|
| 999 |
_c8004 _d8004 |
||
| 003 | OSt | ||
| 005 | 20220826100300.0 | ||
| 008 | 220826b ||||| |||| 00| 0 eng d | ||
| 020 | _a0750607122 | ||
| 040 | _cDNLM | ||
| 082 | _aWB284R311 1993 | ||
| 100 |
_aBarnesJ.,Peter; _916248 |
||
| 245 | _aRespiratory Medicine; Recent advances. | ||
| 260 |
_aUK, _bButterworth, _c1993 |
||
| 300 |
_axiii,282p; _bill, _c24cm |
||
| 504 | _aincludes index. | ||
| 650 |
_aMedicine _9324 |
||
| 942 |
_2z _cO_SHELF |
||